[Event "AUTO-OPEN-123"]
[Site "http://www.queenalice.com/game.php?id=23157"]
[Date "2005.8.8"]
[Round "1"]
[White "Tittei"]
[Black "salso"]
[Result "0-1"]
[WhiteElo "1530"]
[BlackElo "1811"]

1. e4 e6 2. d4 d5 3. Nc3 Nf6 4. Bg5 Be7 5. e5 Nfd7 6. h4 f6 7. exf6 Bxf6 8. Qg4
c5 9. Qxe6+ Qe7 10. Qxe7+ Kxe7 11. Nxd5+ Kd6 12. Bc4 Bxg5 13. hxg5 cxd4 14.
O-O-O Nc6 15. g6 h6 16. Nf3 Nb6 17. Nxb6 axb6 18. Nxd4 Nxd4 19. Rxd4+ Kc5 20. c3
b5 21. Rh5+ Kb6 22. Rxb5+ Kc6 23. Rbd5 Rf8 24. Rd6+ Kc7 25. Bb5 Rxa2 26. Bd7
Rxf2 27. Kb1 Raxb2+ 28. Kc1 Rbe2 29. Bxc8 Re1+ 30. Rd1 Rxd1+ 31. Rxd1 Kxc8 32.
g4 Rf6 33. Rd4 Rxg6 34. c4 Kc7 35. Kd2 Kc6 36. Ke3 Kc5 37. Re4 b6 38. Kf4 Rd6
39. Ke5 Rf6 40. Rd4 Rf1 41. Re4 g6 42. Rd4 Re1+ 43. Re4 Rxe4+ 44. Kxe4 Kxc4 0-1

[Event "AUTO-OPEN-123"]
[Site "http://www.queenalice.com/game.php?id=23170"]
[Date "2005.8.8"]
[Round "1"]
[White "andi_g"]
[Black "Tittei"]
[Result "1-0"]
[WhiteElo "1556"]
[BlackElo "1489"]

1. e4 e5 2. d4 exd4 3. Qxd4 Nc6 4. Qa4 Nf6 5. Nc3 Bb4 6. Bd2 O-O 7. O-O-O a5 8.
Nd5 Nxe4 9. Nxb4 Nxb4 10. Nh3 Nxd2 11. Kxd2 d5 12. Kc1 Bxh3 13. gxh3 b5 14. Bxb5
Qc8 15. c3 c6 16. cxb4 cxb5+ 17. Qc2 axb4 18. Rxd5 b3 19. axb3 Ra1+ 20. Kd2
Qxc2+ 21. Kxc2 1-0

[Event "AUTO-OPEN-123"]
[Site "http://www.queenalice.com/game.php?id=23171"]
[Date "2005.8.8"]
[Round "1"]
[White "Tittei"]
[Black "andi_g"]
[Result "0-1"]
[WhiteElo "1542"]
[BlackElo "1529"]

1. e4 h5 2. d4 e6 3. Nc3 Bb4 4. Qf3 Nc6 5. d5 exd5 6. exd5 Qe7+ 7. Qe3 Ne5 8.
Qg5 f6 9. Qf5 Nf3+ 10. Kd1 Nd4 11. Qg6+ Kf8 12. Nb5 Qe1# 0-1

[Event "Let's Play Chess!"]
[Site "http://www.queenalice.com/game.php?id=24480"]
[Date "2005.8.17"]
[Round "-"]
[White "Tittei"]
[Black "volmar"]
[Result "0-1"]
[WhiteElo "1493"]
[BlackElo "1357"]

1. e4 c6 2. d4 Nf6 3. Nc3 e6 4. Bf4 h5 5. Bd3 Qb6 6. Nf3 Qxb2 7. Na4 Qb4+ 8. c3
Qa5 9. Bd2 b5 10. e5 Qxa4 11. Qxa4 bxa4 12. exf6 gxf6 13. O-O Ba6 14. Bxa6 Nxa6
15. h4 Bg7 16. Rfe1 f5 17. Rab1 Rb8 18. Rxb8+ Nxb8 19. c4 f6 20. d5 e5 21. dxc6
Nxc6 22. Be3 e4 23. Bc5 Kf7 24. Nd2 Bh6 25. Nb1 a5 26. Rd1 Ke8 27. Nc3 Ne5 28.
Bd4 a3 29. Nb5 Nxc4 30. Nc7+ Kf7 31. Bc5 d6 32. Bxd6 Rd8 33. Nb5 Nxd6 34. Nxd6+
Ke6 35. f4 Rxd6 36. Rxd6+ Kxd6 37. g3 Kd5 38. Kg2 Kd4 39. Kf2 Kd3 40. g4 e3+ 41.
Ke1 Bxf4 42. gxh5 Bg3+ 43. Kf1 e2+ 44. Kg2 e1=Q 45. h6 Qf2+ 46. Kh3 Bh2 47. h5
Qg3# 0-1

[Event "Let's Play Chess!"]
[Site "http://www.queenalice.com/game.php?id=25537"]
[Date "2005.8.24"]
[Round "-"]
[White "Tittei"]
[Black "Edgar"]
[Result "1-0"]
[WhiteElo "1459"]
[BlackElo "1288"]

1. e4 e5 2. Nc3 Nc6 3. Bc4 Bc5 4. Qf3 Nf6 5. Nd5 Nd4 6. Nxf6+ Qxf6 7. Qxf6 gxf6
8. Bd3 d6 9. c3 Ne6 10. Nf3 Nf4 11. Bf1 b6 12. d4 exd4 13. Bxf4 dxc3 14. bxc3
Ba3 15. Bb5+ Bd7 16. Nd4 Bxb5 17. Nxb5 Bb2 18. Rb1 Bxc3+ 19. Nxc3 Kd7 20. O-O c6
21. Rbd1 d5 22. exd5 cxd5 23. Rxd5+ Kc6 24. Rd6+ Kb7 25. Rxf6 Rac8 26. Be5 Rhe8
27. Rxf7+ Ka6 28. f4 Rh8 29. Bxh8 Rxc3 30. Bxc3 1-0

[Event "AUTO-OPEN-132"]
[Site "http://www.queenalice.com/game.php?id=25619"]
[Date "2005.8.24"]
[Round "1"]
[White "Brandon"]
[Black "Tittei"]
[Result "1-0"]
[WhiteElo "1846"]
[BlackElo "1468"]

1. d4 d5 2. c4 e5 3. dxe5 d4 4. Nf3 Nc6 5. g3 Bc5 6. Bg2 Bg4 7. Nbd2 d3 8. O-O
Bxf3 9. Nxf3 dxe2 10. Qxe2 Qe7 11. Rd1 Rd8 12. Bf4 Rxd1+ 13. Rxd1 f6 14. e6 f5
15. Nh4 Nd4 16. Rxd4 Bxd4 17. Nxf5 Qc5 18. Nxd4 Qxd4 19. Be5 Qd8 20. Bxg7 Qe7
21. Bxh8 b6 22. Bc6+ Qd7 23. exd7+ Kd8 24. Qe8# 1-0

[Event "AUTO-OPEN-132"]
[Site "http://www.queenalice.com/game.php?id=25620"]
[Date "2005.8.24"]
[Round "1"]
[White "Tittei"]
[Black "Brandon"]
[Result "0-1"]
[WhiteElo "1462"]
[BlackElo "1907"]

1. e4 c5 2. Nf3 d6 3. d4 cxd4 4. Nxd4 Nf6 5. Nc3 Nc6 6. Bg5 e6 7. Qd2 a6 8.
O-O-O Bd7 9. f4 b5 10. e5 dxe5 11. fxe5 Nxe5 12. Qf4 h6 13. Qxe5 hxg5 14. Qxg5
Qc7 15. Bd3 Rxh2 16. Rxh2 Qxh2 17. Nf3 Qh6 18. Qxh6 gxh6 19. Ne5 Bd6 20. Nxd7
Nxd7 21. Bxb5 Bf4+ 22. Kb1 axb5 23. Nxb5 Ke7 24. g4 Nf6 25. Re1 Nxg4 26. Re4 e5
27. Nc3 f5 28. Nd5+ Kd6 29. Nxf4 fxe4 0-1

[Event "AUTO-OPEN-132"]
[Site "http://www.queenalice.com/game.php?id=25642"]
[Date "2005.8.24"]
[Round "1"]
[White "Tittei"]
[Black "d52328704"]
[Result "1-0"]
[WhiteElo "1476"]
[BlackElo "1092"]

1. d4 d5 2. c4 dxc4 3. Nf3 Nc6 4. e4 e5 5. d5 Nb4 6. Nxe5 Qe7 7. Qd4 Nc2+ 8. Kd2
Nxd4 9. Kc3 Qb4+ 10. Kxd4 c3+ 11. Nc4 Bc5+ 12. Ke5 f6+ 13. Kf4 cxb2 14. Bxb2 1-0

[Event "AUTO-OPEN-132"]
[Site "http://www.queenalice.com/game.php?id=25653"]
[Date "2005.8.24"]
[Round "1"]
[White "bobx"]
[Black "Tittei"]
[Result "1-0"]
[WhiteElo "1715"]
[BlackElo "1465"]

1. e4 e5 2. Nf3 Nc6 3. Bb5 a6 4. Bxc6 dxc6 5. Nxe5 Nf6 6. d3 Qd4 7. Nf3 Qb4+ 8.
Nc3 Qc5 9. Bf4 Ng4 10. O-O Bd6 11. d4 Qc4 12. e5 Bb4 13. Bd2 O-O 14. Ne2 c5 15.
b3 Qd5 16. Bxb4 cxb4 17. Nf4 Qe4 18. Nd3 Bf5 19. Nxb4 a5 20. Re1 Qf4 21. Nd5
Nxf2 22. Kxf2 Bxc2 23. Qxc2 Qxf3+ 24. Kxf3 1-0

[Event "AUTO-OPEN-132"]
[Site "http://www.queenalice.com/game.php?id=25654"]
[Date "2005.8.24"]
[Round "1"]
[White "Tittei"]
[Black "bobx"]
[Result "0-1"]
[WhiteElo "1468"]
[BlackElo "1710"]

1. d4 d5 2. c4 dxc4 3. Nf3 a6 4. e3 b5 5. b3 cxb3 6. axb3 e6 7. Ne5 Nf6 8. Bd3
Bb7 9. Ba3 Bxa3 10. Nxa3 O-O 11. O-O Qd5 12. f3 Nbd7 13. Nxd7 Nxd7 14. f4 Qxg2#
0-1

[Event "Let's Play Chess!"]
[Site "http://www.queenalice.com/game.php?id=27026"]
[Date "2005.9.2"]
[Round "-"]
[White "Tittei"]
[Black "V"]
[Result "0-1"]
[WhiteElo "1476"]
[BlackElo "1414"]

1. e4 e6 2. d4 Nf6 3. Nc3 d5 4. Bg5 Be7 5. Bxf6 Bxf6 6. e5 Bg5 7. Nf3 Bh6 8. Bd3
Nd7 9. O-O O-O 10. a4 c5 11. dxc5 Nxc5 12. b4 Nd7 13. b5 Qc7 14. Ra3 Nxe5 15.
Nxe5 Qxe5 0-1